Phương pháp phân tích vi sinh vật trong nước, thực phẩm, mỹ phẩm
Nội dung quyển sách cung cấp các kiến thức cô đọng về các vi sinh vật gây bệnh, các chỉ tiêu vi sinh vật thường được kiểm soát trong nước, thực phẩm và mỹ phẩm, các yêu cầu cơ bản trong việc thành lập và vận hành một phòng kiểm nghie...
Сохранить в:
| Главный автор: | |
|---|---|
| Формат: | |
| Язык: | Vietnamese |
| Опубликовано: |
H.
Giáo dục
2008
|
| Редактирование: | Tái bản lần thứ 4 |
| Предметы: | |
| Метки: |
Добавить метку
Нет меток, Требуется 1-ая метка записи!
|
| Thư viện lưu trữ: | Thư viện Trường Đại học Nam Cần Thơ |
|---|
| LEADER | 01209nam a22002057a 4500 | ||
|---|---|---|---|
| 001 | NCT_140351 | ||
| 008 | 220816b xxu||||| |||| 00| 0 vie d | ||
| 999 | |c 7231 |d 7231 | ||
| 020 | |c 23500 | ||
| 082 | 0 | 4 | |2 23rd ed. |a 579 |b Th557 |
| 100 | 1 | |a Trần Linh Thước | |
| 245 | 1 | 0 | |a Phương pháp phân tích vi sinh vật trong nước, thực phẩm, mỹ phẩm |c Trần Linh Thước |
| 250 | |a Tái bản lần thứ 4 | ||
| 260 | |a H. |b Giáo dục |c 2008 | ||
| 300 | |a 232 tr. |b Minh họa |c 24cm | ||
| 520 | 3 | |a Nội dung quyển sách cung cấp các kiến thức cô đọng về các vi sinh vật gây bệnh, các chỉ tiêu vi sinh vật thường được kiểm soát trong nước, thực phẩm và mỹ phẩm, các yêu cầu cơ bản trong việc thành lập và vận hành một phòng kiểm nghiệm vi sinh vật. | |
| 653 | |a Công nghệ thực phẩm | ||
| 942 | |2 ddc |c BK | ||
| 952 | |0 0 |1 0 |2 ddc |4 0 |6 579_000000000000000_TH557 |7 0 |9 26004 |a 000001 |b 000001 |d 2022-08-16 |o 579 Th557 |p MD.20471 |r 2022-08-16 |v 23500.00 |w 2022-08-16 |y BK | ||
| 980 | |a Thư viện Trường Đại học Nam Cần Thơ | ||